| 000 | 00460nam a2200169Ia 4500 | ||
|---|---|---|---|
| 005 | 20241217145304.0 | ||
| 008 | 231217s9999 xx 000 0 und d | ||
| 020 | _a9788131718377 | ||
| 082 | _a001.6423 LEV;81 | ||
| 100 | _aLevitin, Anany. | ||
| 245 | 0 | _aIntroduction to the design and analysis of algorithms | |
| 250 | _a2nd ed. | ||
| 260 |
_c2008 _bDorling Kindersley _aNoida |
||
| 300 | _axx, 524 | ||
| 500 | _aContent pages available. | ||
| 942 | _cAA | ||
| 999 |
_c193160 _d193160 |
||